000 01346cam a2200349Ia 4500
001 4091122
005 20220326193305.0
008 021216s2002 sp a b 000 0 spa d
020 _a8474329094
035 _a(OCoLC)56532568
035 _a(OCoLC)ocm56532568
035 _a(NNC)4091122
040 _aI5B
_cI5B
_dU@S
_dEL$
_dNNC
043 _an-mx---
_ancgt---
082 _a338.887.2
_bR457e
090 _aHD9734.M6
_bR49 2002
100 1 _aReygadas, Luis.
_91674
245 1 0 _aEnsamblando culturas :
_bdiversidad y conflicto en la globalización de la industria /
_cLuis Reygadas.
250 _a1. ed.
260 _aBarcelona :
_bGedisa,
_c2002.
300 _a318 p. :
_bil. ;
_c23 cm.
490 1 _aSerie Culturas
504 _aIncluye referencias bibliográficas (p. [307]-318).
505 0 _aCadenas productivas globales y diversidad del trabajo maquilador -- Culturas nacionales entrecruzadas : la globalización vivida por los trabajadores de Maquila -- Mercado y sociedad civil en las nuevas culturas del trabajo.
650 0 _aOffshore assembly industry
_zMexico.
_91675
650 0 _aOffshore assembly industry
_zGuatemala.
_91676
650 0 _aIndustrial sociology
_xEffect of globalization on.
_91677
650 0 _aGlobalization.
_91678
700 _aReygadas, Luis.
_91679
830 0 _aSerie Culturas.
_91680
999 _c352
_d352